00382nam a2200133Ia 4500008004100000100002000041245001900061260000900080300002900089440002400118650001500142999001900157952007200176180117s9999 xx 000 0 und d aby Alex Vergara 4aThe BabyMakers c2017 a16-18 pages, 2017 May 14 aPhilippine Panorama aBABYMAKERS c353538d353538 001040aCLbCLd2018-01-17l0r2018-01-17 00:00:00w2018-01-17ySE